Instant Grammar Lessons. : Photocopiable Lessons for Intermediate Classes

Salvato in:
Dettagli Bibliografici
Autore principale: Battersby, Alan (Autore)
Natura: Libro
Lingua:inglese
Pubblicazione: Hove : Language Teaching Publ, 1997
Tags: Aggiungi Tag
Nessun Tag, puoi essere il primo ad aggiungerne!!

MARC

LEADER 00000nam a22000003a 4500
001 stu48968
005 20150617225708.6
008 990121s1997------------------------eng-d
020 |a 1-899396-40-3 
040 |a STU  |b slo 
041 0 |a eng 
080 |a 802.0 
100 1 |a Battersby, Alan  |4 aut 
245 1 |a Instant Grammar Lessons. :  |b Photocopiable Lessons for Intermediate Classes 
260 |a Hove :  |b Language Teaching Publ,  |c 1997 
300 |a Nepr.str 
996 |b C95627  |c C*95627  |l CCXVII  |s P  |a 0  |w stu48968_0001